LIBRARY ONLINE CATALOGUE

The accountable man : (Record no. 21680)

MARC details
000 -LEADER
fixed length control field 01562cam a22003614a 4500
001 - CONTROL NUMBER
control field 13041424
003 - CONTROL NUMBER IDENTIFIER
control field OSt
005 - DATE AND TIME OF LATEST TRANSACTION
control field 20260616100014.0
008 - FIXED-LENGTH DATA ELEMENTS--GENERAL INFORMATION
fixed length control field 021224s2004 ilu 000 0 eng
010 ## - LIBRARY OF CONGRESS CONTROL NUMBER
LC control number 2002156375
020 ## - INTERNATIONAL STANDARD BOOK NUMBER
International Standard Book Number 0830823824
Qualifying information pbk. : alk. paper
020 ## - INTERNATIONAL STANDARD BOOK NUMBER
International Standard Book Number 9780830823826
Qualifying information (pbk. : alk. paper)
035 ## - SYSTEM CONTROL NUMBER
System control number 13041424
040 ## - CATALOGING SOURCE
Original cataloging agency DLC
Transcribing agency DLC
Modifying agency DLC
042 ## - AUTHENTICATION CODE
Authentication code pcc
050 00 - LIBRARY OF CONGRESS CALL NUMBER
Classification number BV4528.2
Item number .E445 2004
082 00 - DEWEY DECIMAL CLASSIFICATION NUMBER
Classification number 241/.6762/081
Edition number 21
100 1# - MAIN ENTRY--PERSONAL NAME
Personal name Eisenman, Tom.
245 14 - TITLE STATEMENT
Title The accountable man :
Remainder of title pursuing integrity through trust and friendship /
Statement of responsibility, etc. Tom Eisenman.
260 ## - PUBLICATION, DISTRIBUTION, ETC. (IMPRINT)
Place of publication, distribution, etc. Downers Grove, Ill. :
Name of publisher, distributor, etc. InterVarsity Press,
Date of publication, distribution, etc. c2004.
300 ## - PHYSICAL DESCRIPTION
Extent 144 p. ;
Dimensions 18 cm.
336 ## - CONTENT TYPE
Content type term text
Content type code txt
Source rdacontent
337 ## - MEDIA TYPE
Media type term unmediated
Media type code n
Source rdamedia
338 ## - CARRIER TYPE
Carrier type term volume
Carrier type code nc
Source rdacarrier
505 0# - FORMATTED CONTENTS NOTE
Formatted contents note The accountable man -- When two are better than one -- What to look for in a Christian friend -- Are you ready for accountability? -- The primary skill : listening well -- Loving confrontation -- Partners in prayer -- Getting started -- Appendix A : the dark night experience -- Appendix B : accountability questions.
583 ## - ACTION NOTE
Action Cataloguing:
Time/date of action 20260616
Action agent gtanuigtanui
650 #0 - SUBJECT ADDED ENTRY--TOPICAL TERM
Topical term or geographic name as entry element Christian men
General subdivision Religious life.
650 #0 - SUBJECT ADDED ENTRY--TOPICAL TERM
Topical term or geographic name as entry element Male friendship
General subdivision Religious aspects
-- Christianity.
906 ## - LOCAL DATA ELEMENT F, LDF (RLIN)
a 7
b cbc
c orignew
d 1
e ecip
f 20
g y-gencatlg
942 ## - ADDED ENTRY ELEMENTS (KOHA)
Source of classification or shelving scheme Library of Congress Classification
Koha item type General Collection
Holdings
Withdrawn status Lost status Source of classification or shelving scheme Not for loan Home library Current library Shelving location Date acquired Source of acquisition Inventory number Total Checkouts Full call number Barcode Date last seen Copy number Price effective from Koha item type
    Library of Congress Classification   Kabarak, Main Campus Kabarak, Main Campus General Stacks 16/06/2026 Donation 2026/4399   BV4528.2 .E445 2004 C.1 38047 16/06/2026 C.1 16/06/2026 General Collection